000 00334nam a22001457a 4500
008 240126b ||||| |||| 00| 0 eng d
020 _a9780300070866
041 _aeng
080 _21997
_a61
082 _a61GRI
100 _a5
101 _aMJP
245 _aMARIHUANA THE FORBIDDEN MEDICINE
_cLESTER GRINSPOON
942 _2udc
_cBK
999 _c60552
_d60552